<?xml version="1.0" encoding="UTF-8"?>
<record
    xmlns:xsi="http://www.w3.org/2001/XMLSchema-instance"
    xsi:schemaLocation="http://www.loc.gov/MARC21/slim http://www.loc.gov/standards/marcxml/schema/MARC21slim.xsd"
    xmlns="http://www.loc.gov/MARC21/slim">

  <leader>01244cam a2200229 a 4500</leader>
  <controlfield tag="001">000014441</controlfield>
  <controlfield tag="005">20200929163843.0</controlfield>
  <controlfield tag="008">920810s1991    ve ab    b    001 0 spa  </controlfield>
  <datafield tag="020" ind1=" " ind2=" ">
    <subfield code="a">9806004825</subfield>
  </datafield>
  <datafield tag="040" ind1=" " ind2=" ">
    <subfield code="a">DO-SdBNP</subfield>
    <subfield code="b">spa</subfield>
    <subfield code="c">BNPHU</subfield>
  </datafield>
  <datafield tag="082" ind1=" " ind2=" ">
    <subfield code="a">307.1487</subfield>
    <subfield code="b">H967d</subfield>
  </datafield>
  <datafield tag="100" ind1="1" ind2=" ">
    <subfield code="a">Hurtado Salazar, Samuel</subfield>
    <subfield code="9">32577</subfield>
  </datafield>
  <datafield tag="245" ind1="1" ind2="0">
    <subfield code="a">Din&#xE1;micas comunales y procesos de articulaci&#xF3;n social :</subfield>
    <subfield code="b">las organizaciones populares /</subfield>
    <subfield code="c">Samuel Hurtado Salazar.</subfield>
  </datafield>
  <datafield tag="260" ind1=" " ind2=" ">
    <subfield code="a">Caracas, Venezuela :</subfield>
    <subfield code="b">Fondo Editorial Tropykos :</subfield>
    <subfield code="b">Asociaci&#xF3;n de Profesores de la U.C.V.,</subfield>
    <subfield code="c">1991.</subfield>
  </datafield>
  <datafield tag="300" ind1=" " ind2=" ">
    <subfield code="a">185 p. :</subfield>
    <subfield code="b">il., mapas ;</subfield>
    <subfield code="c">21 cm.</subfield>
  </datafield>
  <datafield tag="500" ind1=" " ind2=" ">
    <subfield code="a">Esta investigaci&#xF3;n de realiz&#xF3; en el Departamento de Antropolog&#xED;a del Instituto Venezolano de Investigaciones Cient&#xED;ficas, como trabajo para obtar al t&#xED;tulo de "Magister Scientiarum" en Antropolog&#xED;a social, durante los a&#xF1;os 1981 y 1982.</subfield>
  </datafield>
  <datafield tag="504" ind1=" " ind2=" ">
    <subfield code="a">Incluye referencias bibliogr&#xE1;ficas (p. 161-168).</subfield>
  </datafield>
  <datafield tag="650" ind1=" " ind2="4">
    <subfield code="a">Desarrollo de la comunidad</subfield>
    <subfield code="z">Caracas, (Venezuela{Rpara}</subfield>
    <subfield code="9">32578</subfield>
  </datafield>
  <datafield tag="650" ind1=" " ind2="4">
    <subfield code="a">Participaci&#xF3;n social</subfield>
    <subfield code="z">Caracas, (Venezuela{Rpara}</subfield>
    <subfield code="9">32579</subfield>
  </datafield>
  <datafield tag="650" ind1=" " ind2="4">
    <subfield code="a">Organizaciones no gubernamentales</subfield>
    <subfield code="z">Venezuela</subfield>
    <subfield code="9">32580</subfield>
  </datafield>
  <datafield tag="710" ind1="2" ind2=" ">
    <subfield code="a">Instituto Venezolano de Investigaciones Cient&#xED;ficas</subfield>
    <subfield code="b">Departamento de Antropolog&#xED;a</subfield>
    <subfield code="9">32581</subfield>
  </datafield>
  <datafield tag="952" ind1=" " ind2=" ">
    <subfield code="0">0</subfield>
    <subfield code="1">0</subfield>
    <subfield code="5">0</subfield>
    <subfield code="7">1</subfield>
    <subfield code="8">MO</subfield>
    <subfield code="a">GR</subfield>
    <subfield code="b">GR</subfield>
    <subfield code="c">CT</subfield>
    <subfield code="d">2009-12-14</subfield>
    <subfield code="i">LF1</subfield>
    <subfield code="l">0</subfield>
    <subfield code="o">307.1487 H967d</subfield>
    <subfield code="p">14441-10</subfield>
    <subfield code="r">2020-06-25</subfield>
    <subfield code="w">2020-06-25</subfield>
    <subfield code="y">1</subfield>
    <subfield code="Z">No se presta</subfield>
  </datafield>
  <datafield tag="999" ind1=" " ind2=" ">
    <subfield code="c">14031</subfield>
    <subfield code="d">14031</subfield>
  </datafield>
</record>
